000 00753nam a2200289 a 4500
003 AR-BaBNM
005 20251128202837.0
008 082120s2002 ||||||||||||||000 | spa||
040 _cAR-BaBNM
100 1 _aObligado, Rafael
245 0 0 _aPoesías
260 _aBuenos Aires
_bJackson
_c1953
300 _alx, 256 p.
490 0 _aGrandes Escritores Argentinos
_vv. 41
500 _aContiene biografía del autor
650 4 _aLITERATURA ARGENTINA
650 4 _aHISTORIA ARGENTINA
650 4 _aPOESIA
650 4 _aSIGLO DIECINUEVE
650 4 _aLEYENDAS
653 _aLITERATURA GAUCHESCA
655 _aLITERATURA
700 1 _aObligado, Carlos
_eprologuista
800 1 _aPalcos, Alfredo
_edirector
942 _cBK
998 _cisola
999 _c844
_d844